Kleidung#3 - Statistiken

Allgemein
  • Dieses Quiz wurde 149 mal gespielt
  • Das Durchschnittsergebnis liegt bei 12 aus 15
Antwortstatistiken
Bildquiz Antwort % Korrekt
Helm
100%
Regenschirm
98%
Halstuch
94%
Strumpf
93%
Flipflops
91%
Hochzeitskleid
91%
Stiefel
84%
bikini
80%
Basecap
73%
Trikot
70%
Schlittschuh
66%
Unterhemd
66%
Fäustling
65%
Lederhose
63%
Windel
59%
Keine übereinstimmenden Quizze gefunden
Verteilung der Resultate
Anzahl Personen mit jedem Resultat
Perzentil nach korrekt beantworteten Fragen
Ihre Resultats-Entwicklung
Sie haben dieses Quiz noch nicht gespielt